• 首页
  • 本馆介绍
  • 公告通知
  • 最新文献
  • 馆藏检索
  • 电子资源
  • 读者导购
  • 参考咨询
  • 我的图书馆
  • 登录
  • 详细信息显示
  • 放入我的书架
  • 预约/预借图书
  • 作者相关作品
  • 分类相关作品
  • 丛书相关作品
  • 出版社相关作品

书目信息

  • 表格格式
  • 工作单格式
  • 卡片格式
题名:
国际产业转移与中国产业结构优化研究
    
 
作者: 张琴 著
分册:  
出版信息: 北京   经济科学出版社  2012.05
页数: 239页
开本: 21cm
丛书名: 中青年经济学家文库
单 册:
中图分类: F269.24
科图分类:
主题词: 世界经济--产业转移--影响--产业结构优化--研究--中国 , 世界经济 , 产业转移 , 产业结构优化
电子资源:
ISBN: 978-7-5141-1900-8
000 01121oam2 2200313 450
001 005512756
005 20130608085143.28
010    @a978-7-5141-1900-8@dCNY18.00
035    @a005853518
100    @a20120702d2012 emky0chiy0110 ea
101 0  @achi
102    @aCN@b110000
105    @ay z 000yy
106    @ar
200 1  @a国际产业转移与中国产业结构优化研究@9guo ji chan ye zhuan yi yu zhong guo chan ye jie gou you hua yan jiu@f张琴著
210    @a北京@c经济科学出版社@d2012.05
215    @a239页@d21cm
225 2  @a中青年经济学家文库
300    @a宁波大学学术著作出版基金和2011年度浙江省哲社规划重点项目资助出版
330    @a本书立足于国际产业转移的新趋势与我国的特定国情,重点研究了开放经济环境下如何通过承接国际产业转移、促进我国产业结构优化的现实问题。
461  0 @12001 @a中青年经济学家文库@1035 @a(A100000NLC)000934983
606 0  @a世界经济@x产业转移@x影响@x产业结构优化@x研究@y中国
606 0  @a世界经济
606 0  @a产业转移
606 0  @a产业结构优化
690    @aF269.24@v5
701  0 @a张琴@9zhang qin@c(女,@f1975~)@4著
801  0 @aCN@bNLC@c20120921
905    @dF269.24@e183
    
    国际产业转移与中国产业结构优化研究/张琴著.-北京:经济科学出版社,2012.05
    239页;21cm.-(中青年经济学家文库)
    宁波大学学术著作出版基金和2011年度浙江省哲社规划重点项目资助出版
    
    ISBN 978-7-5141-1900-8:CNY18.00
    本书立足于国际产业转移的新趋势与我国的特定国情,重点研究了开放经济环境下如何通过承接国际产业转移、促进我国产业结构优化的现实问题。
●
相关链接 在E读中查询图书 在五车中查询图书 在当当中查询图书 在豆瓣中查询图书


正题名:国际产业转移与中国产业结构优化研究     索取号:F269.24/183         预约/预借

序号 登录号 条形码 馆藏地/架位号 状态 备注
1 0544169   205441690   第一样本阅览室/ [索取号:F269.24/183] 在馆    
2 0544170   205441707   第一借阅区/ [索取号:F269.24/183] 在馆    
3 0544171   205441716   第一借阅区/ [索取号:F269.24/183] 在馆    
4 0544172   205441725   第一借阅区/ [索取号:F269.24/183] 在馆    
5 0544173   205441734   第一借阅区/ [索取号:F269.24/183] 在馆    
唐山师范学院图书馆 欢迎您!
大连网信软件有限公司© 版权所有